Kosztolányi Dezső Pacsirta - regényelemzés /
Elmentve itt :
| Szerző: | |
|---|---|
| További közreműködők: | |
| Dokumentumtípus: | Szakdolgozat |
| Megjelent: |
2009
|
| Tárgyszavak: | |
| Online Access: | http://diploma.bibl.u-szeged.hu/39968 |
| LEADER | 00554nta a2200157 i 4500 | ||
|---|---|---|---|
| 001 | dipl39968 | ||
| 005 | 20130502140627.0 | ||
| 008 | 130430s2009 hu om 0|| hun d | ||
| 040 | |a SZTE Diploma Repozitórium |b hun | ||
| 041 | |a hun | ||
| 100 | 1 | |a Bodri Krisztina | |
| 245 | 1 | 0 | |a Kosztolányi Dezső |h [elektronikus dokumentum] : |b Pacsirta - regényelemzés / |c Krisztina Bodri |
| 260 | |c 2009 | ||
| 650 | 4 | |a Bölcsészettudományok | |
| 700 | 1 | |a Szabó Gábor |e ths | |
| 856 | 4 | 0 | |u http://diploma.bibl.u-szeged.hu/id/eprint/39968/1/2009_bodri_krisztina_2.pdf |z Dokumentum-elérés |